Vedení pohovoru

Salvato in:
Dettagli Bibliografici
Autore principale: Clegg, Brian (Autore)
Natura: Libro
Lingua:ceco
Pubblicazione: Brno : CP Books, 2005
Edizione:1. vyd
Serie:V kostce
Soggetti:
Tags: Aggiungi Tag
Nessun Tag, puoi essere il primo ad aggiungerne!!

MARC

LEADER 00000nam a22000003a 4500
001 stu102594
005 20150617225826.4
008 060111s2005----xr------------------cze-d
020 |a 80-251-0616-0 
040 |a STU  |b slo 
041 0 |a cze 
044 |a xr 
080 |a 331 
100 1 |a Clegg, Brian  |4 aut 
245 1 |a Vedení pohovoru 
250 |a 1. vyd 
260 |a Brno :  |b CP Books,  |c 2005 
300 |a 94 s 
500 |a Podnázvy z obálky: Vyberte správného uchazeče; Výběr osvědčených technik a postupů; 70 svičení 
650 7 |a pohovory prijímacie  |2 stusub 
830 0 |a V kostce 
996 |b 284M063986  |c M*11815-1  |l MMKN  |s A  |a 24  |w stu102594_0001